000 005910000a22001810004500
003 MACL
005 20160127125427.0
008 160127b xxu||||| |||| 00| 0 eng d
040 _aMACL
_cMACL
041 _aHindi
082 _a530/SHA
100 _aशोभना शर्मा
_934670
245 _aवस्‍तुनिष्‍ठ प्रशन बैकं भौतिकी विज्ञान
260 _bकृष्‍णा प्रकाशन मीडिया
_aमेरठ
_c2002
350 _a360
650 _aPhysics
_934671
942 _cHIN
_k530 /SHA
_2ddc
999 _c30719
_d30719